LEADER 01872nas 2200589-a 450 001 9910892947103321 005 20260218111734.0 011 $a2305-025X 035 $a(DE-599)ZDB2466003-6 035 $a(CKB)991042732639482 035 $a(CONSER)---97660138- 035 $a(DE-599)2466003-6 035 $a(EXLCZ)99991042732639482 100 $a19960610a19949999 -f- - 101 0 $aeng 181 $ctxt$2rdacontent 182 $cc$2rdamedia 183 $acr$2rdacarrier 200 00$aILO news$iLatin America and the Caribbean ... labour overview 210 $a[Geneva, Switzerland?] $cILO 215 $a1 online resource 311 08$aPrint version: ILO news. 1020-3923 (DLC) 97660138 (OCoLC)34901200 517 3 $aInternational Labour Organisation news 517 3 $aLatin America and the Caribbean ... labour overview 517 3 $aLabour overview 606 $aLabor$zLatin America$vPeriodicals 606 $aLabor$zLatin America$vStatistics$vPeriodicals 606 $aLabor$zCaribbean Area$vPeriodicals 606 $aLabor$zCaribbean Area$vStatistics$vPeriodicals 606 $aWorking class$zLatin America$vPeriodicals 606 $aWorking class$zCaribbean Area$vPeriodicals 606 $aLabor$2fast$3(OCoLC)fst00989798 606 $aWorking class$2fast$3(OCoLC)fst01180418 607 $aCaribbean Area$2fast 607 $aLatin America$2fast 608 $aPeriodicals.$2fast 608 $aStatistics.$2fast 615 0$aLabor 615 0$aLabor 615 0$aLabor 615 0$aLabor 615 0$aWorking class 615 0$aWorking class 615 7$aLabor. 615 7$aWorking class. 676 $a331/.098/05 712 02$aInternational Labour Organisation. 906 $aJOURNAL 912 $a9910892947103321 920 $aexl_impl conversion 996 $aILO news$94236808 997 $aUNINA